000 00457nam a2200205Ia 4500
003 0100
008 130303s9999 xx 000 0 und d
040 _cARRUPELIB
050 _aB3279.H93I23 1964
100 _aHusserl, Edmund
245 4 _aThe idea of phenomenology
260 _aThe Hague
260 _bMartinus Nijhoff
260 _C1964
300 _a60p.
300 _b 22cm.
650 _aPHILOSOPHY
650 _bReligions
942 0 0 _02
999 _c41233
_d41233